000 01692cam a2200169 4500500
005 20260426015945.0
041 _afre
042 _adc
100 1 0 _aNatanson, Madeleine
_eauthor
245 0 0 _aN’ayons pas peur de la psychothérapie Hélène Brunschwig, Paris, Hachette littératures, 1998. Le travail de l’imaginaire en psychothérapie de l’enfant Nicole Fabre, Paris, Dunod, 1998.
260 _c2003.
500 _a97
520 _aL’auteur aborde, à travers la théorie de l’incestuel de Racamier et quelques cas cliniques, le décryptage de l’enfant qui dort avec ses parents. Elle utilise deux nouveaux concepts tels que le lit-litige (quand les parents sont opposés au partage du lit et souhaitent que cela cesse) et le lit-cage (les parents s’en accommodent et sont même complaisants. Le partage du lit avec leur enfant va s’installer). L’auteur montre que l’incestuel peut aussi être un fonctionnement des grands-parents.
520 _aIn my mum’s bed or the wound of the incestuous Using the theory of the incestuous by Racamier and some clinical cases, the author deciphers the child who sleeps with his parents. She uses two new concepts such as the bed-argument (when parents oppose the sharing of the bed and whish it to stop) and the bed-cage (the parents accept it and even encourage it. The sharing of their bed with their children will perdure). The author shows how the incestuous can also be a functioning of the grandparents.
786 0 _nImaginaire & Inconscient | 12 | 4 | 2003-11-01 | p. 105d-117d | 1628-9676
856 4 1 _uhttps://shs.cairn.info/revue-imaginaire-et-inconscient-2003-4-page-105d?lang=fr&redirect-ssocas=7080
999 _c2225336
_d2225336